K otázke exotických opcií.

Historický pohľad na obchodovanie podobné dnešným derivátom.Prehľad exotických opcií.

Na minha lista:
Detalhes bibliográficos
Autor principal: Šturc, Boris, 1961-
Formato: Capítulo de Livro
Idioma:eslovaco
Assuntos:
Tags: Adicionar Tag
Sem tags, seja o primeiro a adicionar uma tag!

MARC

LEADER 00000nla$a2200000$$$4500
001 0076103
005 20240502071905.9
041 0 |a slo 
044 |a SK 
245 1 0 |a K otázke exotických opcií.  |c Boris Šturc 
520 |a Historický pohľad na obchodovanie podobné dnešným derivátom.Prehľad exotických opcií. 
610 2 0 |a opcie 
610 2 0 |a história 
610 2 0 |a deriváty 
100 1 |a Šturc, Boris, 1961-